[Event "Titled Tuesday intern op 16th Nov"]
[Site "Chess.com INT"]
[Date "2021.11.16"]
[Round "10"]
[White "Hartikainen, Jarmo"]
[Black "Gottstein, Claudius Thomas"]
[Result "0-1"]
[WhiteElo "2133"]
[BlackElo "2113"]
[PlyCount "112"]
[EventDate "2021.11.16"]
[EventType "swiss (blitz)"]
[EventRounds "11"]
[EventCountry "USA"]
[SourceTitle "CBM 205 Extra"]
[Source "ChessBase"]
[SourceDate "2022.01.31"]
[SourceVersion "1"]
[SourceVersionDate "2022.01.31"]
[SourceQuality "1"]

1. e4 c6 2. d4 d5 3. Nc3 dxe4 4. Nxe4 Bf5 5. Ng3 Bg6 6. h4 h6 7. Bc4 e6 8. N1e2 Bd6 9. Nf4 Bxf4 10. Bxf4 Nf6 11. h5 Bh7 12. c3 Nbd7 13. Qe2 Nb6 14. Bd3 Nbd5 15. Be5 0-0 16. Bxh7+ Nxh7 17. Ne4 Ng5 18. 0-0-0 Nxe4 19. Qxe4 Nf6 20. Bxf6 Qxf6 21. f4 Rfd8 22. g4 Rd5 23. Rhg1 Rad8 24. Rdf1 Kh8 25. g5 Qf5 26. Qxf5 Rxf5 27. gxh6 gxh6 28. Kd2 Rg8 29. Ke3 Rxh5 30. Rh1 Rxh1 31. Rxh1 Kh7 32. Rh2 Rg1 33. c4 Kg6 34. Ke4 Re1+ 35. Kf3 f5 36. Rg2+ Kh7 37. Rh2 Rg1 38. Ke3 Rg3+ 39. Ke2 Rg4 40. Ke3 Kg6 41. Kf3 h5 42. b4 h4 43. a4 Rg3+ 44. Kf2 Kh5 45. b5 Kg4 46. a5 Rf3+ 47. Ke2 Ra3 48. a6 bxa6 49. bxc6 Ra2+ 50. Kd3 Rxh2 51. c7 Rh3+ 52. Kd2 Rf3 53. c8Q h3 54. Qg8+ Kxf4 55. Qg1 Rg3 56. Qh2 Kg4 0-1

[Event "Titled Tuesday intern op 16th Nov"]
[Site "Chess.com INT"]
[Date "2021.11.16"]
[Round "6"]
[White "Hasman, Cengiz"]
[Black "Gottstein, Claudius Thomas"]
[Result "0-1"]
[WhiteElo "2101"]
[BlackElo "2113"]
[PlyCount "142"]
[EventDate "2021.11.16"]
[EventType "swiss (blitz)"]
[EventRounds "11"]
[EventCountry "USA"]
[SourceTitle "CBM 205 Extra"]
[Source "ChessBase"]
[SourceDate "2022.01.31"]
[SourceVersion "1"]
[SourceVersionDate "2022.01.31"]
[SourceQuality "1"]

1. d4 d5 2. c4 Bf5 3. cxd5 Bxb1 4. Qa4+ c6 5. dxc6 Nxc6 6. Rxb1 Qxd4 7. Qxd4 Nxd4 8. Bd2 e6 9. e3 Nc6 10. b4 Rc8 11. Nf3 Bd6 12. Bc3 f6 13. Bb5 a6 14. Ba4 Nge7 15. Ke2 Ng6 16. Rhd1 Ke7 17. Nd4 Nxd4+ 18. Bxd4 Rhd8 19. g3 Be5 20. Bc5+ Bd6 21. Bb6 Bc7 22. Bxc7 Rxc7 23. f4 Rxd1 24. Rxd1 Nf8 25. Bb3 Nd7 26. a4 b5 27. a5 Nb8 28. e4 Rc3 29. Rd3 Rxd3 30. Kxd3 Nc6 31. Kc3 Kd6 32. Bc2 e5 33. Bb3 h6 34. Bd5 Kc7 35. h4 Kd6 36. h5 Kc7 37. Be6 Kd6 38. Bc8 Nd4 39. Bxa6 Kc6 40. Bc8 Ne2+ 41. Kd2 Nxg3 42. fxe5 fxe5 43. Ke3 Nxh5 44. a6 Kb6 45. Kd3 Nf6 46. Bb7 h5 47. Ke3 h4 48. Kf3 g5 49. Bc8 Ka7 50. Bb7 g4+ 51. Ke3 h3 52. Kf2 Kb6 53. Kg3 Ka7 54. Bc8 Nxe4+ 55. Kh2 Nf6 56. Bb7 Kb6 57. Kg3 e4 58. Bc8 e3 59. Bf5 Kxa6 60. Bxg4 Nxg4 61. Kxh3 e2 62. Kg3 e1Q+ 63. Kxg4 Qf2 64. Kg5 Kb6 65. Kg4 Kc6 66. Kg5 Kd5 67. Kg4 Kc4 68. Kg5 Kxb4 69. Kg4 Kc4 70. Kg5 b4 71. Kg4 b3 0-1

[Event "Titled Tuesday intern op 16th Nov"]
[Site "Chess.com INT"]
[Date "2021.11.16"]
[Round "7"]
[White "Martins, Carlos"]
[Black "Gottstein, Claudius Thomas"]
[Result "1-0"]
[WhiteElo "2231"]
[BlackElo "2113"]
[PlyCount "61"]
[EventDate "2021.11.16"]
[EventType "swiss (blitz)"]
[EventRounds "11"]
[EventCountry "USA"]
[SourceTitle "CBM 205 Extra"]
[Source "ChessBase"]
[SourceDate "2022.01.31"]
[SourceVersion "1"]
[SourceVersionDate "2022.01.31"]
[SourceQuality "1"]

1. e4 c6 2. d4 d5 3. Nd2 dxe4 4. Nxe4 Bf5 5. Ng3 Bg6 6. Bc4 e6 7. N1e2 Bd6 8. h4 h6 9. Nf4 Bxf4 10. Bxf4 Nf6 11. c3 Nbd7 12. h5 Bh7 13. Bd3 Bxd3 14. Qxd3 0-0 15. 0-0-0 Qa5 16. Kb1 c5 17. dxc5 Nxc5 18. Qf3 Qb5 19. Bxh6 gxh6 20. Qxf6 Nd3 21. Rd2 Qe5 22. Qxh6 Qf4 23. Qxf4 Nxf4 24. f3 Rfd8 25. Rhd1 Rxd2 26. Rxd2 Kg7 27. Ne4 Nxh5 28. Rd7 Rh8 29. Nd6 Nf4 30. Rxf7+ Kg6 31. Rxf4 1-0

[Event "Titled Tuesday intern op 14th Sept"]
[Site "Chess.com INT"]
[Date "2021.09.14"]
[Round "9"]
[White "Gottstein, Claudius Thomas"]
[Black "Desideri, Ricardo Maruchi"]
[Result "1/2-1/2"]
[WhiteElo "2113"]
[BlackElo "1939"]
[PlyCount "117"]
[EventDate "2021.09.14"]
[EventType "swiss (blitz)"]
[EventRounds "11"]
[EventCountry "USA"]
[SourceTitle "EXT 2022"]
[Source "ChessBase"]
[SourceDate "2021.10.06"]
[SourceVersion "1"]
[SourceVersionDate "2021.10.06"]
[SourceQuality "1"]

1. e4 c5 2. Nf3 d6 3. Bb5+ Nd7 4. 0-0 a6 5. Bd3 b5 6. c3 e5 7. Bc2 Ngf6 8. Re1 g6 9. d4 Bg7 10. dxe5 dxe5 11. a4 Rb8 12. Qe2 0-0 13. axb5 axb5 14. Na3 c4 15. Rd1 Qc7 16. h3 Nc5 17. Nb1 Bb7 18. Nbd2 Rbd8 19. Ne1 Rd7 20. f3 Rfd8 21. b4 cxb3 22. Nxb3 Nxb3 23. Bxb3 Qxc3 24. Rb1 b4 25. Rxd7 Rxd7 26. Be3 Nh5 27. Kf2 Nf4 28. Qc2 Qxc2+ 29. Bxc2 Bf8 30. h4 Ba6 31. g3 Nd3+ 32. Bxd3 Bxd3 33. Nxd3 Rxd3 34. Ke2 Rc3 35. Bd2 Rc2 36. Kd3 b3 37. Rxb3 Ra2 38. g4 Kg7 39. Rb7 Bc5 40. Rb3 Bd4 41. Be3 Rg2 42. Bxd4 exd4 43. Kxd4 Rh2 44. Ke5 Rxh4 45. g5 Rh3 46. Kf4 Rh2 47. Kg4 h5+ 48. gxh6+ Kxh6 49. Rb7 Kg7 50. Kg3 Rh5 51. f4 Rh6 52. Kg4 Rh5 53. e5 Rf5 54. e6 Rf6 55. exf7 Rxf7 56. Rxf7+ Kxf7 57. Kg5 Kg7 58. f5 gxf5 59. Kxf5 1/2-1/2

[Event "Titled Tuesday intern op 14th Sept"]
[Site "Chess.com INT"]
[Date "2021.09.14"]
[Round "6"]
[White "Gottstein, Claudius Thomas"]
[Black "Kujawski, Adam"]
[Result "0-1"]
[WhiteElo "2113"]
[BlackElo "2239"]
[PlyCount "132"]
[EventDate "2021.09.14"]
[EventType "swiss (blitz)"]
[EventRounds "11"]
[EventCountry "USA"]
[SourceTitle "EXT 2022"]
[Source "ChessBase"]
[SourceDate "2021.10.06"]
[SourceVersion "1"]
[SourceVersionDate "2021.10.06"]
[SourceQuality "1"]

1. e4 c5 2. Nf3 Nc6 3. Bb5 e6 4. Bxc6 dxc6 5. d3 g6 6. 0-0 Bg7 7. Nc3 e5 8. Be3 b6 9. Qd2 h5 10. h3 Nh6 11. a3 Bd7 12. b4 cxb4 13. axb4 a6 14. Na4 Rb8 15. Ra3 Ng4 16. Rfa1 Nxe3 17. Qxe3 Qc7 18. Nc3 Bc8 19. Ne2 0-0 20. Ng3 Qd6 21. c3 Rd8 22. Ne1 Kh7 23. Qe2 c5 24. Qb2 cxb4 25. Qxb4 Qxb4 26. cxb4 Bf8 27. Rb3 Be6 28. Rb2 Ra8 29. Nf1 a5 30. bxa5 bxa5 31. Ne3 a4 32. N3c2 a3 33. Rb7 a2 34. Nb4 Bxb4 35. Rxb4 Rdb8 36. Nc2 Rxb4 37. Nxb4 Rb8 38. Nxa2 Ra8 39. d4 exd4 40. Rd1 Rxa2 41. Rxd4 h4 42. f4 Kg7 43. Rb4 Rc2 44. Rb5 Rc4 45. f5 Bc8 46. Re5 gxf5 47. exf5 Kf6 48. Ra5 Bxf5 49. Kf2 Kg5 50. Kf3 Rc3+ 51. Kf2 f6 52. Ra4 Rb3 53. Rd4 Bc8 54. Rd5+ f5 55. Rd8 Bb7 56. Rg8+ Kf4 57. Rg7 Rb2+ 58. Kf1 Bxg2+ 59. Rxg2 Rxg2 60. Kxg2 Ke3 61. Kg1 Kf3 62. Kf1 Kg3 63. Ke2 Kxh3 64. Kf3 f4 65. Kf2 Kg4 66. Kg2 f3+ 0-1

[Event "Titled Tuesday intern op 14th Sept"]
[Site "Chess.com INT"]
[Date "2021.09.14"]
[Round "10"]
[White "Gottstein, Claudius Thomas"]
[Black "Martinez, Shawn"]
[Result "1/2-1/2"]
[WhiteElo "2113"]
[BlackElo "1881"]
[PlyCount "64"]
[EventDate "2021.09.14"]
[EventType "swiss (blitz)"]
[EventRounds "11"]
[EventCountry "USA"]
[SourceTitle "EXT 2022"]
[Source "ChessBase"]
[SourceDate "2021.10.06"]
[SourceVersion "1"]
[SourceVersionDate "2021.10.06"]
[SourceQuality "1"]

1. e4 c5 2. Nf3 e6 3. g3 Nf6 4. e5 Nd5 5. c4 Nb6 6. b3 d5 7. exd6 Bxd6 8. Bb2 0-0 9. Bg2 Nc6 10. d4 cxd4 11. Nxd4 Nxd4 12. Qxd4 e5 13. Qd2 Qe7 14. 0-0 f5 15. Nc3 e4 16. Nd5 Nxd5 17. Qxd5+ Be6 18. Qd4 Rad8 19. Qxa7 Bc5 20. Qa5 Rd3 21. Rfd1 Rfd8 22. Rxd3 Rxd3 23. Bf1 Rf3 24. Rd1 e3 25. fxe3 Bxe3+ 26. Kh1 Rf2 27. Ba3 Qe8 28. Rd8 Rxf1+ 29. Kg2 Rf2+ 30. Kh1 Rf1+ 31. Kg2 Rf2+ 32. Kh1 Rf1+ 1/2-1/2

[Event "Titled Tuesday intern op 14th Sept"]
[Site "Chess.com INT"]
[Date "2021.09.14"]
[Round "4"]
[White "Gottstein, Claudius Thomas"]
[Black "Zaksaite, Salomeja"]
[Result "0-1"]
[WhiteElo "2113"]
[BlackElo "2202"]
[PlyCount "54"]
[EventDate "2021.09.14"]
[EventType "swiss (blitz)"]
[EventRounds "11"]
[EventCountry "USA"]
[SourceTitle "EXT 2022"]
[Source "ChessBase"]
[SourceDate "2021.10.06"]
[SourceVersion "1"]
[SourceVersionDate "2021.10.06"]
[SourceQuality "1"]

1. e4 c5 2. Nf3 e6 3. g3 d5 4. exd5 exd5 5. d4 Nf6 6. Bg2 Nc6 7. 0-0 c4 8. b3 cxb3 9. axb3 Be7 10. c4 0-0 11. Nc3 Bg4 12. c5 b6 13. Na4 bxc5 14. Nxc5 Qb6 15. Ba3 Ne4 16. Qd3 Nxc5 17. Bxc5 Bxc5 18. dxc5 Qxc5 19. Rfc1 Qb6 20. Ra6 Nb4 21. Rxb6 Nxd3 22. Rbc6 Nxc1 23. Rxc1 Rab8 24. Ne5 Be6 25. Rc3 Rfc8 26. Nc6 Kf8 27. h4 Rb6 0-1